Imbalancing act: India’s industrial relations code, 2020 (Record no. 522007)

000 -LEADER
fixed length control field 01541nam a22001577a 4500
008 - FIXED-LENGTH DATA ELEMENTS--GENERAL INFORMATION
fixed length control field 230307b ||||| |||| 00| 0 eng d
100 ## - MAIN ENTRY--PERSONAL NAME
Personal name Bhuta, Aishwarya
245 ## - TITLE STATEMENT
Title Imbalancing act: India’s industrial relations code, 2020
260 ## - PUBLICATION, DISTRIBUTION, ETC. (IMPRINT)
Place of publication, distribution, etc The Indian Journal of Labour Economics
300 ## - PHYSICAL DESCRIPTION
Extent 65(3), Jul-Sep, 2022: p. 821-830
520 ## - SUMMARY, ETC.
Summary, etc The ruling National Democratic Alliance regime in India pushed through three labour codes in September 2020 namely the Code on Social Security; Occupational Safety, Health and Working Conditions Code; and the Industrial Relations Code. These alongside the Code on Wages approved earlier in 2019 amalgamate several labour laws. This study is an endeavour towards a critical examination of the Industrial Relations Code, 2020. It engages in a comparative analysis of the various provisions of the Code vis-à-vis the laws which were its predecessors. Some key features of the Code as well as their ramifications are probed. Further, their potential impact on trade unionism and the right to strike is discussed. The relationship between capital and labour is adversarial rather than complementary. This paper argues that reforms in the real sense must seek to balance the interests of both parties rather than that of employers alone. – Reproduced
650 ## - SUBJECT ADDED ENTRY--TOPICAL TERM
Topical term or geographic name as entry element Labour law reforms, Industrial Relations Code, 2020, Labour market flexibility, Fixed term employment, Trade unions, Strike.
9 (RLIN) 36625
773 ## - HOST ITEM ENTRY
Main entry heading The Indian Journal of Labour Economics
906 ## - LOCAL DATA ELEMENT F, LDF (RLIN)
Subject DIP LABOURS
942 ## - ADDED ENTRY ELEMENTS (KOHA)
Item type Articles
Holdings
Withdrawn status Lost status Source of classification or shelving scheme Damaged status Not for loan Permanent location Current location Date acquired Serial Enumeration / chronology Barcode Date last seen Koha item type
          Indian Institute of Public Administration Indian Institute of Public Administration 2023-03-07 65(3), Jul-Sep, 2022: p. 821-830 AR128269 2023-03-07 Articles

Powered by Koha